| 000 | 01028cam a2200325Ia 4500 | ||
|---|---|---|---|
| 001 | 46436 | ||
| 005 | 20230410132945.0 | ||
| 008 | 991102s1980 sp 000 0 spa d | ||
| 035 | _a(OCoLC)ocm42749077 | ||
| 040 |
_aDQ$ _bspa _cDQ$ _dOCLCQ _dBAKER _dYDXCP |
||
| 020 | _a8472230546 | ||
| 020 | _a9788472230545 | ||
| 035 | _a(OCoLC)42749077 | ||
| 041 | 1 |
_aspa _hger |
|
| 050 | 1 | 4 |
_aB 3313 _bN677s 1977 |
| 049 | _aGRAL | ||
| 100 | 1 |
_aNietzsche, Friedrich Wilhelm, _d1844-1900. |
|
| 245 | 1 | 0 |
_aSobre el porvenir del nuestras escuelas / _cFriedrich Nietzsche ; tr. Carlos Manzano. |
| 250 | _a1a. ed. | ||
| 260 |
_aBarcelona : _bTusquets, _c1977. |
||
| 300 |
_a195 p. ; _c19 cm. |
||
| 440 | 0 |
_aMarginales ; _v54. |
|
| 500 | _aTít. orig. : Ueber die zukunft unserer bildungsanstalten. | ||
| 700 | 1 |
_aManzano, Carlos, _etr. |
|
| 938 |
_aBaker & Taylor _bBKTY _c10.50 _d7.88 _i8472230546 _n0006060418 _sactive |
||
| 938 |
_aYBP Library Services _bYANK _n2663048 |
||
| 942 |
_2lcc _cbk |
||
| 946 | _aclperez | ||
| 994 |
_aC0 _bDRFGD |
||
| 999 |
_c90862 _d90862 |
||